000 01441cam a2200349 a 4500
001 EDZ0000063880
003 StDuBDS
005 20161031105112.0
006 m||||||||d||||||||
007 cr |||||||||||
008 120326s1998 enk fo| 001|0|eng d
020 _a9781446217757 (ebook) :
_cNo price
040 _aStDuBDS
_beng
_cStDuBDS
_epn
049 _aAlfaisal Main Library
050 0 _aBF723.E598
_bS54 1998
082 0 4 _a362.204256083
_223
100 1 _aSharp, Sonia,
_d1961-
245 1 0 _aCounselling and supporting children in distress
_h[electronic resource] /
_cSonia Sharp and Helen Cowie.
260 _aLondon :
_bSAGE,
_c1998.
300 _a1 online resource ([vii], 163 p.)
504 _aIncludes bibliographical references and index.
520 8 _a'Counselling and Supporting Children in Distress' provides workers in the caring professions with the knowledge and understanding they need in order to provide effective counselling and support for children and young people.
521 _aSpecialized.
588 _aDescription based on print version record.
650 0 _aChildren
_xCounseling of
_zGreat Britain.
655 7 _aElectronic books.
_2local
700 1 _aCowie, Helen.
710 2 _aSage eBooks
776 0 8 _iPrint version :
_z9780761956198
856 4 0 _uhttp://ezproxy.alfaisal.edu/login?url=http://sk.sagepub.com/books/counselling-and-supporting-children-in-distress
942 _2lcc
_cEBOOKS
999 _c479338
_d479338